| 000 | 00732nam a22002055i 4500 | ||
|---|---|---|---|
| 001 | 166974 | ||
| 003 | ES-MaACL | ||
| 005 | 20230906213432.0 | ||
| 008 | 000926s1883 sp e |||| | spa d | ||
| 040 |
_aCYL _bspa _cCYL |
||
| 100 | 1 | 0 |
_aValverde Valverde, Emilio. _9133537 |
| 245 | 1 | 0 |
_aGuia y plano general de Madrid _b: comercial, industrial y artística / _cpor Emilio Valverde Valverde. |
| 260 | 0 |
_aMadrid : _bLibrería, Imprenta y Biblioteca militar, _c1883. |
|
| 300 |
_a344, 66 p., [1] h. de plano pleg. col. ; _c20cm. |
||
| 594 | _aPrecede al tít.: La capital de España. | ||
| 651 | 4 |
_aMadrid- _vGuías. _9224476 |
|
| 752 |
_aEspaña - _dMadrid |
||
| 852 |
_aES-MaACL _jG-10074 _z-- Enc. tela |
||
| 999 |
_c166974 _d166974 |
||